000 00369nam a2200145Ia 4500
008 150201s2005 xx 000 0 und d
082 _a617.6
_bO2005M
100 _aMITCHELL, DAVID A.
245 _aOXFORD HAND BOOK OF CLINICAL SURGERY
250 _a4TH
260 _bCHURCHILL LIVINGSTONE
_aEDINBURGH
_c2005
300 _a1-797
650 _aSURGERY
942 _2ddc
_cBK
999 _c3367
_d3367